Prosperita vyviera z hĺbok zeme

Bibliographic Details
Main Author: Krútky, Peter, 1948-2015 (Author)
Format: Article
Language:Slovak
Subjects:

MARC

LEADER 00000nab a2200000 ar4500
001 vtls009330259
003 SK-MaSNL
005 20260303184423.0
008 080905c2008 xo sr|p|||||||000 b|slo
015 |a SNBRB2008/09  |2 snkbucl 
038 |a SNKBUCL 
040 |a SNKBUCL  |b slo  |c SNKBUCL  |e AACR2 
041 0 |a slo 
044 |a xo  |c SK 
080 |a 908(437.6)  |2 2001 
100 1 |a Krútky, Peter,  |d 1948-2015  |4 aut  |9 6679 
245 1 0 |a Prosperita vyviera z hĺbok zeme  |c Peter Krútky 
300 |b Fotogr. 
651 7 |a Veľký Meder (Slovensko)  |2 snkbucl  |9 19224 
655 7 |a reportáže  |2 snkbucl  |9 28856 
773 0 |t Verejná správa  |g Roč. 63, č. 17 (2008), s. 24-25  |x 1335-7883 
852 |a SNK  |b KIS3GCP 
958 |a SK 
999 |c 2126708  |d 2128638